Islam and its culture in South Asia (Record no. 2255)

MARC details
000 -LEADER
fixed length control field 00463nam a2200169Ia 4500
008 - FIXED-LENGTH DATA ELEMENTS--GENERAL INFORMATION
fixed length control field 230917s9999||||xx |||||||||||||| ||und||
020 ## - ISBN
Price RS 1095.00
040 ## - CATALOGING SOURCE
-- 5008369
Original cataloging agency VIVEKANANDA LIBRARY
041 ## - Language
-- English
082 ## - DDC NUMBER
Classification number 297.0954 S13I
100 ## - MAIN ENTRY--PERSONAL NAME
Personal name Siddiqui, Iqtidar Husain
245 #0 - TITLE STATEMENT
Title Islam and its culture in South Asia
260 ## - PUBLICATION, DISTRIBUTION, ETC. (IMPRINT)
Place of publication, distribution, etc Delhi
Name of publisher, distributor, etc Primus Books
Date of publication, distribution, etc 2021
300 ## - PHYSICAL DESCRIPTION
Pages x, 201 p.
500 ## - GENERAL NOTE
General note 4078 27/09/2021 HBD21/8849 28/09/2021 Main Budget
942 ## - ADDED ENTRY ELEMENTS (KOHA)
Koha item type Books
Holdings
Withdrawn status Lost status Damaged status Not for loan Location (home branch) Sublocation or collection (holding branch) Date acquired Koha issues (times borrowed) Koha full call number Accession No. Koha date last seen Koha item type
        VIVEKANANDA LIBRARY VIVEKANANDA LIBRARY 01/01/2022   297.0954 S13I 393047 17/09/2023 Books
© Designed and Maintained by Vivekananda Library, MDU Rohtak